| 000 | 00796nam a2200193Ii 4500 | ||
|---|---|---|---|
| 003 | JO-AjNU | ||
| 008 | 230605s9999||||xx |||||||||||||| ||und|| | ||
| 040 |
_aJO-AjNU _bara _erda _cJO-AjNU |
||
| 041 | _aara | ||
| 050 | 1 | 4 | _aPJ6101.I2652 1982 |
| 100 | 3 |
_aتاليف النحوي،ابي عمرو عثمان بن الحاجب؛تحقيق موسى بناي العليلي, _eauthor _919812 |
|
| 245 | 0 | 0 | _aالايضاح في شرح المفصل، القسم الاول |
| 264 | 3 | 1 | _aبغداد: مطبعة المجمع العلمي الكردي، 1976 |
| 300 | _aالقسم الاول، 236ص | ||
| 336 |
_atext _btxt _2rdacontent |
||
| 337 |
_aunmediated _bn _2rdamedia |
||
| 338 |
_avolume _bnc _2rdacarrier |
||
| 650 | 4 |
_aاللغة العربية-الايضاح في شرح المفصل _919813 |
|
| 999 |
_aA6604 _c10172 _d10172 |
||